Hunger Games characters - Sudden Death - Statistics

General Stats
  • This quiz has been taken 483 times
  • The average score is 14 of 20
Answers on the Grid
Answers color-coded by a green-red scale on the quiz's grid according to % correct below.
Katniss Everdeen
Peeta Mellark
Haymitch Abernathy
Cato
Clove
Gloss
Brutus
Enobaria
Blight
Seeder
Woof
Beetee Latier
Maude Ivory
Panache Barker
Chicory
Flavius
Leeg 2
Leeg 1
Leeg 3
Reaper
Néo
Bane
Din Djarin
Clint Barton
Natasha Romanoff
Alan Grant
Sejanus Plinth
Legolas
Remus Lupin
Ridley
 
Answer Stats
Answer % Correct
Peeta Mellark
89%
Katniss Everdeen
87%
Haymitch Abernathy
86%
Cato
85%
Clove
84%
Beetee Latier
81%
Gloss
76%
Sejanus Plinth
75%
Brutus
74%
Flavius
72%
Enobaria
71%
Maude Ivory
68%
Reaper
60%
Seeder
60%
Panache Barker
57%
Blight
56%
Leeg 2
51%
Leeg 1
50%
Woof
42%
Chicory
36%
No matching quizzes found
Score Distribution
Percent of People with Each Score
Percentile by Number Answered
Your Score History
You have not taken this quiz